| 000 | 00509nam a2200181Ia 4500 | ||
|---|---|---|---|
| 999 |
_c53367 _d53367 |
||
| 005 | 20240530105126.0 | ||
| 008 | 140319s9999 xx 000 0 ara d | ||
| 017 | _bمصر. دار الكتب | ||
| 040 |
_aGCL / _cGCL |
||
| 082 | 0 | 4 |
_a252.3 _bم ش _221 |
| 100 | 1 | _aمحمد محمد الدهان | |
| 245 | 1 | 0 |
_aشهر رمضان فضله وصيامه / _cمحمد محمد الدهان |
| 260 | _c1978 | ||
| 300 | _a113 ص | ||
| 650 | 0 | 4 |
_aشهر رمضان _2qrmak |
| 651 | _2qrmak | ||
| 942 |
_2ddc _cBK |
||